000
00352nam a2200145Ia 4500
008
150509s9999 xx 000 0 und d
082
_a
368.4 INT
245
_a
Introduction to social security
260
_a
Geneva:
260
_b
ILO
260
_c
1984
300
_a
xii, 184p. :ill. ;24cm
500
_a
Includes references
650
_a
Social security
999
_c
4196
_d
4196